<?xml version="1.0" encoding="UTF-8"?>
<marc:record xmlns:marc="http://www.loc.gov/MARC21/slim">
   <marc:leader>00000nam a2200000 a 4500</marc:leader>
   <marc:datafield ind1="1" ind2=" " tag="100">
      <marc:subfield code="a">Deutsche Erzähler</marc:subfield>
      <marc:subfield code="4">aut</marc:subfield>
      <marc:subfield code="e">Verfasser/-in</marc:subfield>
   </marc:datafield>
   <marc:datafield ind1=" " ind2=" " tag="653">
      <marc:subfield code="a">Anthologie</marc:subfield>
   </marc:datafield>
   <marc:datafield ind1=" " ind2=" " tag="653">
      <marc:subfield code="a">D</marc:subfield>
   </marc:datafield>
   <marc:datafield ind1=" " ind2=" " tag="653">
      <marc:subfield code="a">DRA</marc:subfield>
   </marc:datafield>
   <marc:datafield ind1=" " ind2=" " tag="653">
      <marc:subfield code="a">Deutsch.</marc:subfield>
   </marc:datafield>
   <marc:datafield ind1="0" ind2="0" tag="245">
      <marc:subfield code="a">Deutsche Erzähler, Zweiter Band</marc:subfield>
   </marc:datafield>
   <marc:datafield ind1="0" ind2="0" tag="245">
      <marc:subfield code="c">Deutsche Erzähler</marc:subfield>
   </marc:datafield>
   <marc:datafield ind1="1" ind2=" " tag="520">
      <marc:subfield code="a">Aichinger, Ilse: Spiegelgeschichten&#xD;
Bachmann, Ingeborg: Alles&#xD;
Benn, Gottfried: Der Ptolemäer&#xD;
Bernhard, Thomas: Am Ortler&#xD;
Bobrowski, Johannes: Mäusefest&#xD;
Böll, Heinrich: Nicht nur zur Weihnachtszeit&#xD;
Brecht, Bertolt: Die unwürdige Greisin&#xD;
Broch, Hermann: Der Tod des Vergil&#xD;
Doderer, Heimito von: Die Posaunen von Jericho&#xD;
Döblin, Alfred: Die Segelfahrt&#xD;
Eich, Günter:  Hausgenossen&#xD;
Frisch, Max: Eine Mulattin namens Florence&#xD;
Grass, Günter: Hundejahre&#xD;
Hesse, Hermann: Kinderseele&#xD;
Hildesheimer, Wolfgang: Tynset&#xD;
Hofmannsthal, Hugo von: Das Erlebnis des Marschalls von Bassompierre&#xD;
Johnson, Uwe: Osterwasser&#xD;
Kafka, Franz: in der Strafkolonie&#xD;
Koeppen, Wolfgang: Ein Kaffeehaus&#xD;
Lenz, Siegfried: Der Gleichgültige&#xD;
Mann, Heinrich: Eine LIebesgeschichte&#xD;
Mann, Thomas: Unordnung und Frühes Leid&#xD;
Musil, Robert: Die Amsel&#xD;
Nossack, Hans Erich: Der Untergang&#xD;
Rilke, Rainer Maria: Die Aufzeichnungen des Malte Laurids Brigge&#xD;
Roth, Joseph: Stationschef Fallmerayer&#xD;
Schmidt, Arno: Brand's Haide&#xD;
Schnitzler, Arthur: Leutnant Gustl&#xD;
Schwitters, Kurt: Auguste Bolte&#xD;
Seghers, Anna: Der Ausflug der toten Mädchen&#xD;
Walser, Martin: Nach Siegrfieds Tod&#xD;
Walser, Robert: Ballonfahrt&#xD;
Weiss, Peter: Der Schatten des Körpers des Kutschers</marc:subfield>
   </marc:datafield>
</marc:record>
